Statistiques concernant REME - Arrêts du TER Sélestat - Saverne (RER de Strasbourg)

Cliquez ici pour prendre le quiz!

Statistiques générales

  • Ce quiz a été pris 13 fois
  • Le résultat moyen est 11 sur 24

Statistiques - réponses

HintRéponse% Correct
Strasbourg
100%
Saverne
83%
Sélestat
83%
Brumath
67%
Vendenheim
67%
Erstein
58%
Mommenheim
58%
Geispolsheim
50%
Schwindratzheim
50%
Stephansfeld
50%
Fegersheim-Lipsheim
42%
Graffenstaden
42%
Matzenheim
42%
Benfeld
33%
Dettwiller
33%
Limersheim
33%
Steinbourg
33%
Ebersheim
25%
Hochfelden
25%
Kogenheim
25%
(exceptionnellement
desservie depuis
Sélestat)
Lutzelbourg
25%
(exceptionnellement
desservie depuis
Sélestat)
Réding
25%
(exceptionnellement
desservie depuis
Sélestat)
Sarrebourg
25%
Wilwisheim
25%

Distribution des résultats

Percentile par nombre de réponses

% des personnes avec chaque résultat

Votre développement - résultats

Vous n’avez pas pris ce quiz